De la Semiótica a la Publicidad: análisis e interpretación del mensaje publicitario
Guardat en:
| Autor principal: | |
|---|---|
| Format: | Llibre |
| Idioma: | espanyol |
| Publicat: |
Lima
USMP
2012
|
| Edició: | 1a. ed |
| Matèries: | |
| Etiquetes: |
Afegir etiqueta
Sense etiquetes, Sigues el primer a etiquetar aquest registre!
|
MARC
| LEADER | 00000cam a2200000 a 4500 | ||
|---|---|---|---|
| 001 | UCF4009 | ||
| 003 | CL-VaPUC | ||
| 008 | 121115e20120000PE |||||||||||||||||spa|d | ||
| 020 | |a 9786124088490 | ||
| 082 | 0 | 4 | |a 659.1 |b PEÑ |2 21 |
| 100 | 0 | |a Peñaloza Salinas, José |e author |9 565645 | |
| 245 | 1 | 0 | |a De la Semiótica a la Publicidad: análisis e interpretación del mensaje publicitario |
| 250 | |a 1a. ed | ||
| 300 | |a 170 P | ||
| 942 | |c BK | ||
| 945 | |d 20121115 00:00:00 |a dcastane | ||
| 260 | |a Lima |b USMP |c 2012 | ||
| 650 | 0 | |a Semiótica |9 265317 | |
| 650 | 0 | |a Publicidad |9 314572 | |
| 650 | 0 | |a Comunicación visual |9 265349 | |
| 650 | 0 | |a Crítica e interpretación |9 255042 | |
| 583 | |a last modification |c 20121115 10:00:00 |k Rodrigo Vera | ||
| 999 | |c 350015 |d 350013 | ||
| 952 | |0 0 |1 0 |4 0 |6 659_100000000000000_PEÑ_2012 |7 0 |8 A |9 452962 |a BIBCUR |b BIBCUR |d 2019-11-22 |i 4923235 |o 659.1 PEÑ 2012 |p 4923235 |r 2025-04-22 |w 2019-11-22 |y BK |k PER | ||